| 000 | 00672nam a2200193 a 4500 | ||
|---|---|---|---|
| 001 | 000023883 | ||
| 005 | 20200930022536.0 | ||
| 008 | 110115s1998 ve r 000 0 spa d | ||
| 020 | _a9802229067 | ||
| 040 |
_aDO-SdBNP _bspa _cBNPHU |
||
| 082 |
_annnn _bF363e |
||
| 100 | 1 |
_aFernández Heres, Rafael, _d1933- _949137 |
|
| 245 | 1 | 0 |
_aEnseñanza de la historia e integración regional / _cRafael Fernández Heres. |
| 260 |
_aCaracas : _bAcademia Nacional de la Historia, _c1998. |
||
| 300 |
_a69, [11] p. ; _c20 cm. |
||
| 490 | 1 |
_aEl libro menor _v222 |
|
| 504 | _aIncluye referencias bibliográficas y notas al pie de las páginas. | ||
| 830 | 3 |
_aEl libro menor ; _v222 _949138 |
|
| 999 |
_c23379 _d23379 |
||